Titres de jeux vidéos traduits en francais - Statistiques

Statistiques générales
  • Ce quiz a été pris 91 fois
  • Le résultat moyen est 14 sur 20
Statistiques - réponses
Hint Réponse % Correct
Le dernier d'entre nous The Last of Us
94%
Fantaisie finale Final Fantasy
93%
Dieu de la guerre God of War
90%
Combattant de rue Street Fighter
87%
Oiseaux en colère Angry Birds
86%
Le Sorceleur The Witcher
81%
Grand vol de voiture Grand Theft Auto
77%
Âmes sombres Dark Souls
76%
Ligue fusée Rocket League
75%
Colline silencieuse Silent Hill
75%
L'appel du devoir Call of Duty
73%
Engrenage métallique solide Metal Gear Solid
70%
Chasse au canard Duck Hunt
67%
Les larmes du Royaume (Zelda) Tears of the Kingdom (Zelda)
64%
Envahisseurs de l'espace Space Invaders
57%
Seul dans l'obscurité Alone in the Dark
55%
Inexplorée Uncharted
39%
Passage d'animaux Animal Crossing
37%
Chevalier creux Hollow Knight
34%
Duc atomise les Duke Nukem
28%
Aucun quiz correspondant
Distribution des résultats
% des personnes avec chaque résultat
Percentile par nombre de réponses
Votre historique - résultats
Vous n’avez pas pris ce quiz